[Event "3rd Open"]
[Site "Paleochora GRE"]
[Date "2010.07.22"]
[Round "1"]
[White "Skaraki,A"]
[Black "David,Alb"]
[Result "0-1"]
[WhiteElo "1746"]
[BlackElo "2622"]

1.e4 c5 2.Nf3 e6 3.d4 cxd4 4.Nxd4 a6 5.Nc3 Qc7 6.Bd3 Nf6 7.O-O Bd6 8.f4 Bc5
9.Ne2 d6 10.Kh1 b5 11.Nb3 Bb6 12.a3 Bb7 13.Nc3 O-O 14.Qf3 Nbd7 15.Qh3 Rfe8
16.Bd2 e5 17.f5 d5 18.Rae1 dxe4 19.Bxe4 Nxe4 20.Nxe4 Bxe4 21.Rxe4 Nf6 22.Rh4 Qxc2
23.Bg5 Ne4 24.Be3 Bxe3 25.Qxe3 Nf6 26.Nc5 e4 27.b4 a5 28.bxa5 h5 29.h3 Rad8
30.Re1 Rd1 31.Rxd1 Qxd1+ 32.Kh2 Qd6+ 33.Kh1 Qe7 34.Rf4 Nd5 35.f6 Qe5 36.Qg3 g5  0-1

[Event "XIX ch-Macedonia Open"]
[Site "Struga MKD"]
[Date "2010.07.22"]
[Round "6"]
[White "Ruzicic,S"]
[Black "Tairi,K"]
[Result "1-0"]
[WhiteElo "2020"]
[BlackElo "1614"]

1.e4 c5 2.Nf3 e6 3.d4 cxd4 4.Nxd4 a6 5.Nc3 Qc7 6.g3 b5 7.Bg2 Bb7 8.O-O b4
9.Na4 Nc6 10.Be3 Nxd4 11.Bxd4 Bc6 12.c3 e5 13.Be3 Rb8 14.Nc5 Bb5 15.cxb4 Bxf1
16.Bxf1 Bxc5 17.Bxc5 Qb7 18.Qd6 Kd8 19.Qf8+ Kc7 20.Bd6+ Kb6 21.Bxb8 Qxe4
22.Qc5+  1-0

[Event "15th Open"]
[Site "Balaguer ESP"]
[Date "2010.07.23"]
[Round "5"]
[White "Neiksans,A"]
[Black "Kovacevic,Sl"]
[Result "1-0"]
[WhiteElo "2485"]
[BlackElo "2392"]

1.e4 c5 2.Nf3 e6 3.d4 cxd4 4.Nxd4 a6 5.Nc3 Qc7 6.g3 Bb4 7.Bd2 Nf6 8.Bg2 Be7
9.f4 d6 10.Qf3 Bd7 11.g4 Nc6 12.Nde2 h6 13.O-O-O b5 14.e5 dxe5 15.fxe5 Nh7
16.Bf4 Rc8 17.Rd2 Na5 18.Nd5 Qc4 19.Nxe7 Qxa2 20.Rxd7 Kxd7 21.Nxc8 Rxc8 22.Nc3 Qa1+
23.Nb1 Qa4 24.Na3 Ke8 25.Qe4 b4 26.Kb1 Nf8 27.Rd1 Nd7 28.Rd4 Nc5 29.Rxb4 Qd7
30.Qd4 Qe7 31.Nc4 Nxc4 32.Rxc4  1-0

[Event "Andorra Open"]
[Site "La Massana AND"]
[Date "2010.07.23"]
[Round "7"]
[White "Mogranzini,R"]
[Black "Lillo Castay,V"]
[Result "0-1"]
[WhiteElo "2387"]
[BlackElo "2284"]

1.e4 c5 2.Nf3 e6 3.d4 cxd4 4.Nxd4 a6 5.Nc3 Qc7 6.f4 b5 7.Bd3 Bb7 8.Qe2 Nf6
9.e5 b4 10.Ne4 Nxe4 11.Bxe4 Nc6 12.Be3 Rc8 13.Nxc6 Bxc6 14.Bd3 a5 15.O-O Be7
16.Qh5 Qb7 17.f5 exf5 18.Qxf5 Bd5 19.Qg4 O-O 20.Rae1 Be6 21.Qg3 Bc4 22.e6 Bxd3
23.exf7+ Rxf7 24.Rxf7 Kxf7 25.cxd3 Qd5 26.Rf1+ Kg8 27.Qf3 Qxa2 28.Qb7 Rf8
29.Qxd7 Rxf1+ 30.Kxf1 Qb1+ 31.Kf2 Qxb2+ 32.Kg1 Qa1+ 33.Kf2 Qf6+ 34.Kg1 Qa1+
35.Kf2 Qa2+ 36.Kg1 Bf8 37.h3 Qa1+ 38.Kf2 Qf6+ 39.Kg1 Qd6 40.Qb5 a4 41.Qxa4 Qxd3
42.Qe8 Qd1+ 43.Kf2 Qd5 44.Qb8 h6 45.Qb6 b3 46.Bd4 Kh7 47.Kg1 Qc4 48.Kh2 Qb4  0-1

[Event "21st Czech GM Open"]
[Site "Pardubice CZE"]
[Date "2010.07.23"]
[Round "1"]
[White "Zilka,S"]
[Black "Meskovs,N"]
[Result "1-0"]
[WhiteElo "2493"]
[BlackElo "2259"]

1.e4 c5 2.Nf3 e6 3.d4 cxd4 4.Nxd4 a6 5.Nc3 Qc7 6.Bd3 Nf6 7.O-O Nc6 8.Nxc6 dxc6
9.f4 Bc5+ 10.Kh1 e5 11.Qe1 Ng4 12.h3 h5 13.f5 b5 14.a4 Bb7 15.axb5 axb5 16.Rxa8+ Bxa8
17.b4 Bb6 18.Bg5 f6 19.Bh4 Nh6 20.Bf2 Nf7 21.Ne2 Nd6 22.Bxb6 Qxb6 23.Qc3 O-O
24.Nc1 Bb7 25.Nb3 Ra8 26.Nc5 Bc8 27.Be2 Nb7 28.Bxh5 Nxc5 29.bxc5 Qc7 30.Qb3+ Kf8
31.Rd1 Bb7 32.Qe6  1-0

[Event "15th Open"]
[Site "Balaguer ESP"]
[Date "2010.07.24"]
[Round "6"]
[White "Haslinger,S"]
[Black "Neiksans,A"]
[Result "0-1"]
[WhiteElo "2552"]
[BlackElo "2485"]

1.e4 c5 2.Nf3 e6 3.d4 cxd4 4.Nxd4 a6 5.Nc3 b5 6.Bd3 Qb6 7.Nf3 Nc6 8.O-O Qb8
9.e5 Nge7 10.Re1 Ng6 11.Be4 Bb7 12.h4 d6 13.exd6 Qxd6 14.Qe2 Be7 15.Bg5 Qc7
16.Rad1 Rd8 17.h5 Nf4 18.Rxd8+ Bxd8 19.Bxf4 Qxf4 20.Nxb5 O-O 21.Na7 Nxa7
22.Bxb7 Qb4 23.Qxa6 Bb6 24.b3 Rb8 25.Be4 Nb5 26.a4 Nc3 27.Bd3 Qc5 28.Rf1 Qxh5
29.Qc4 Nd5 30.Qe4 Bc7 31.g3 g5 32.Kg2 Rb4 33.Bc4 g4 34.Nh2 Nf6 35.Qc6 Qe5
36.f4 gxf3+ 37.Qxf3 h5 38.Rf2 Kg7 39.Re2 Qg5 40.Qe3 Qf5 41.Nf3 Rb8 42.Bd3 Qd5
43.Bc4 Qf5 44.Qg5+ Qxg5 45.Nxg5 Kg6 46.Nf3 Ng4 47.Nh4+ Kf6 48.Re4 Rd8 49.Bd3 Ne5
50.Bb5 Ng4 51.Nf3 Rg8 52.Nd4 Nh6 53.Ne2 Nf5 54.Kf2 Nxg3 55.Nxg3 Bxg3+ 56.Kf3 h4
57.Bf1 Rc8 58.c4 Rb8 59.Re3 e5 60.a5 Kg5 61.a6 f5 62.b4 e4+ 63.Kg2 Rxb4 64.Ra3 Rb2+
65.Kh1 f4 66.a7 f3 67.Kg1 Bf2+ 68.Kh1 Rb1 69.Kh2 Rxf1 70.Ra5+ Kf4 71.Rf5+ Kxf5  0-1

[Event "3rd Open"]
[Site "Paleochora GRE"]
[Date "2010.07.24"]
[Round "4"]
[White "Dembo,Y"]
[Black "Kazakos,E"]
[Result "1-0"]
[WhiteElo "2470"]
[BlackElo "2054"]

1.e4 c5 2.Nf3 e6 3.Nc3 a6 4.d4 cxd4 5.Nxd4 Qc7 6.Bd3 Nf6 7.O-O Be7 8.a4 b6
9.Be3 d6 10.f4 Nbd7 11.Qf3 Bb7 12.Qg3 O-O 13.f5 e5 14.Nb3 Kh8 15.Qh3 Nc5
16.Nxc5 dxc5 17.b3 Ne8 18.g4 f6 19.Rf3 Nd6 20.Qh5 Nf7 21.Bc4 Bd8 22.Rd1 Bc6
23.Rh3 h6 24.Qg6 Be8 25.Bxh6 Nxh6 26.Rxh6+  1-0

[Event "3rd Open"]
[Site "Paleochora GRE"]
[Date "2010.07.24"]
[Round "4"]
[White "Zinchenko,Ya"]
[Black "Filip,L"]
[Result "1-0"]
[WhiteElo "2544"]
[BlackElo "2470"]

1.e4 c5 2.Nf3 e6 3.d4 cxd4 4.Nxd4 a6 5.Nc3 Qc7 6.Bd3 Nf6 7.O-O Bc5 8.Nb3 Be7
9.f4 d6 10.e5 dxe5 11.fxe5 Nfd7 12.Qg4 g6 13.Bh6 Nxe5 14.Qg3 Nbd7 15.Rae1 Bf8
16.Bxf8 Kxf8 17.Kh1 Kg7 18.Ne4 Rf8 19.Ng5 Qd6 20.Nd4 b5 21.Ndf3 Nc4 22.Qh4 h6
23.Nxe6+ fxe6 24.Qe4 e5 25.Qxa8 Ndb6 26.Qe4 Rf4 27.Qe2 Bb7 28.Bxc4 Nxc4 29.b3 e4
30.bxc4 exf3 31.Qe7+ Qxe7 32.Rxe7+ Rf7 33.Rxf7+ Kxf7 34.cxb5  1-0

[Event "21st Czech GM Open"]
[Site "Pardubice CZE"]
[Date "2010.07.24"]
[Round "2"]
[White "Nithander,V"]
[Black "Zakhartsov,Vi"]
[Result "1/2-1/2"]
[WhiteElo "2409"]
[BlackElo "2608"]

1.e4 c5 2.Nf3 e6 3.d4 cxd4 4.Nxd4 a6 5.Nc3 d6 6.Be2 Nf6 7.O-O Qc7 8.a4 Nc6
9.Be3 Be7 10.f4 O-O 11.Qd2 Re8 12.Kh1 Bf8 13.Rad1 Na5 14.Qe1 b6 15.Qg3 Bb7
16.Bd3 Nc4 17.Bc1 g6 18.f5 exf5 19.exf5 Nh5 20.Qh4 Ne3 21.Bxe3 Rxe3 22.Be2 Qe7
23.Qxe7 Rxe7 24.fxg6 hxg6 25.Bxh5 gxh5 26.Nf5 Re6 27.Nd5 Rc8 28.Nf4 Re5 29.Nxd6 Bxd6
30.Rxd6 Rxc2 31.Rxb6 Be4 32.h4 Rf5 33.Kg1 a5 34.b4 axb4 35.Rxb4 Bc6 36.Ra1 Ra5
37.Ra3 Kg7 38.Rg3+ Kf8 39.Rg5 Rxg5 40.hxg5 Ra2 41.Rc4 Rxa4 42.Rxa4 Bxa4 43.Nxh5 Bd1
44.Nf4 Kg7  1/2-1/2

[Event "21st Czech GM Open"]
[Site "Pardubice CZE"]
[Date "2010.07.24"]
[Round "2"]
[White "Glantz,R"]
[Black "Zpevak,P"]
[Result "0-1"]
[WhiteElo "2207"]
[BlackElo "2410"]

1.e4 c5 2.Nf3 e6 3.Nc3 a6 4.d4 cxd4 5.Nxd4 Qc7 6.Bd3 g6 7.Be3 Bg7 8.Qd2 Nc6
9.Be2 Nf6 10.O-O-O O-O 11.g4 d5 12.exd5 Nxd5 13.Nxd5 exd5 14.f4 Bd7 15.Bf3 Rac8
16.Nxc6 Bxc6 17.Bd4 Ba4 18.Bxg7 Qxc2+ 19.Qxc2 Rxc2+ 20.Kb1 Kxg7 21.b3 Rf2
22.Bxd5 Bb5 23.a4 Bd7 24.Bxb7 Bxg4 25.Rdf1 Rd2 26.Bxa6 Bf5+ 27.Ka1 Be4 28.Rd1 Rf2
29.Rhf1 Rxh2 30.Rd7 h5 31.Bb7 Bf5 32.Re7 Rd8 33.Be4 Re2 34.Bxf5 Rxe7 35.Bc2 Re2
36.Bd1 Red2 37.Bf3 R8d3  0-1

[Event "MGU-12 Open"]
[Site "Sofia BUL"]
[Date "2010.07.24"]
[Round "3"]
[White "Petrov,Martin"]
[Black "Popov,Il"]
[Result "1-0"]
[WhiteElo "1858"]
[BlackElo "2247"]

1.e4 c5 2.Nf3 e6 3.d4 cxd4 4.Nxd4 a6 5.Nc3 Qc7 6.Be2 Nf6 7.O-O b5 8.Bf3 e5
9.Nf5 b4 10.Nd5 Nxd5 11.exd5 d6 12.Ng3 Be7 13.Bd2 a5 14.c3 bxc3 15.Bxc3 O-O
16.Rc1 Bg5 17.Bd2 Qe7 18.Bxg5 Qxg5 19.Ne4 Qe7 20.Qc2 f5 21.Nd2 Na6 22.Nc4 Nb4
23.Qd2 Ba6 24.a3 Bxc4 25.Rxc4 Na6 26.Qxa5 e4 27.Be2 f4 28.f3 e3 29.Qc3 Nc5
30.b4 Nd7 31.Rc7 Qd8 32.Rc1 Ne5 33.Qb2 Qh4 34.b5 Qf2+ 35.Kh1 Rfb8 36.b6 h5
37.b7 Kh7 38.Qc2+ Kh6 39.bxa8=Q Rxa8 40.Rf1 Qh4 41.Qb2 Ra4 42.Qb8  1-0

[Event "3rd Open"]
[Site "Paleochora GRE"]
[Date "2010.07.25"]
[Round "5"]
[White "Xylogiannopoulos,A"]
[Black "Markidis,K"]
[Result "0-1"]
[WhiteElo "2074"]
[BlackElo "2342"]

1.e4 c5 2.Nf3 e6 3.d4 cxd4 4.Nxd4 a6 5.Nc3 Qc7 6.Be2 Nf6 7.a3 Nc6 8.Be3 d6
9.O-O Be7 10.f4 O-O 11.Nb3 b5 12.Qe1 Bb7 13.Bf3 Rac8 14.Qf2 Rfe8 15.g4 Bf8
16.g5 Nd7 17.h4 Na5 18.Nxa5 Qxa5 19.h5 Qc7 20.Qg2 Nb6 21.Bxb6 Qxb6+ 22.Qf2 Qc7
23.Qd2 a5 24.Rac1 b4 25.axb4 axb4 26.Ne2 Qb6+ 27.Kg2 d5 28.e5 Bc5 29.Ra1 Be3
30.Qd1 Ba6 31.Kg3 Bb5 32.c3 bxc3 33.bxc3 Bxe2 34.Bxe2 Rxc3 35.Rf3 d4 36.Qa4 Rf8
37.Qb5 Qc7 38.Rb1 h6 39.gxh6 gxh6 40.Qb7 Qxb7 41.Rxb7 Kh8 42.Kh4 Rc2 43.Bf1 Rh2+  0-1

[Event "Tch-POR 1st Div Final"]
[Site "Vila Nova de Gaia POR"]
[Date "2010.07.26"]
[Round "3.1"]
[White "Castro,Fr"]
[Black "Thesing,M"]
[Result "0-1"]
[WhiteElo "2118"]
[BlackElo "2423"]

1.e4 c5 2.Nf3 e6 3.Nc3 a6 4.d4 cxd4 5.Nxd4 Qc7 6.Bd3 Nf6 7.O-O Bc5 8.Be3 d6
9.Qe2 Nbd7 10.f4 b5 11.Kh1 Qb6 12.e5 Bxd4 13.Bxd4 Qxd4 14.exf6 Qxf6 15.f5 Nc5
16.Be4 Ra7 17.Bc6+ Bd7 18.fxe6 Qxe6 19.Bd5 Qxe2 20.Bxf7+ Ke7 21.Nxe2 Rf8
22.Bd5 Rxf1+ 23.Rxf1 Be6 24.Bxe6 Nxe6 25.Kg1 Rc7 26.c3 Rc4 27.Kf2 Re4 28.Rd1 Nc5
29.Kf3 Re5 30.Nd4 Kd7 31.g4 Rd5 32.Rd2 Na4 33.Ke4 Re5+ 34.Kf4 Nb6 35.Nf3 Re7
36.b3 Kc7 37.h4 d5 38.h5 Re4+ 39.Kf5 Kd6 40.Ng5 g6+ 41.hxg6 hxg6+ 42.Kxg6 Rxg4
43.Kf5 Rg1 44.Nf7+ Kc5 45.Nd8 Rg3 46.Rc2 Rf3+ 47.Ke5 Re3+ 48.Kf5 Nc8 49.Nf7 Re7
50.b4+ Kb6 51.Ne5 Nd6+ 52.Kf6 Re8 53.Rh2 Ne4+ 54.Kf5 Rc8 55.Rh6+ Kb7 56.Ke6 Nxc3
57.Nd3 Rc6+  0-1

[Event "Tch-POR 1st Div Final"]
[Site "Vila Nova de Gaia POR"]
[Date "2010.07.27"]
[Round "4.5"]
[White "Pintor,Ar"]
[Black "Ferents,A"]
[Result "0-1"]
[WhiteElo "2106"]
[BlackElo "2216"]

1.e4 c5 2.Nf3 e6 3.Nc3 a6 4.d4 cxd4 5.Nxd4 Qc7 6.g3 Bb4 7.Ne2 Nf6 8.Bg2 Be7
9.O-O Nc6 10.Bf4 d6 11.a4 O-O 12.h3 b6 13.g4 Bb7 14.Ng3 Ne5 15.g5 Nfd7 16.Bc1 Ng6
17.f4 f5 18.exf5 Bxg2 19.Kxg2 Nh4+ 20.Kh2 Nxf5 21.Nxf5 Rxf5 22.Be3 Raf8 23.Qe2 d5
24.Kg2 Qc6 25.Kg3 Bd6 26.h4 e5 27.Bd2 exf4+ 28.Kh3 Ne5 29.Qxa6 Nc4 30.Qb5 Qc8
31.Kg2 Nxd2 32.Rfd1 f3+ 33.Kf2 Bc5+ 34.Ke1 Qe6+  0-1

[Event "3rd Open"]
[Site "Paleochora GRE"]
[Date "2010.07.29"]
[Round "9"]
[White "Iordachescu,V"]
[Black "D'Costa,L"]
[Result "1-0"]
[WhiteElo "2623"]
[BlackElo "2456"]

1.e4 c5 2.Nf3 e6 3.Nc3 a6 4.d4 cxd4 5.Nxd4 d6 6.a4 Nf6 7.Be3 b6 8.g4 h6 9.Bg2 Bb7
10.h4 g6 11.g5 hxg5 12.hxg5 Rxh1+ 13.Bxh1 Nfd7 14.f4 Qc7 15.Qe2 Be7 16.f5 exf5
17.O-O-O fxe4 18.Bf4 Ne5 19.Bxe4 Nbd7 20.Nd5 Bxd5 21.Bxd5 Ra7 22.Kb1 Qc5
23.Nb3 Qc8 24.Rf1 Rc7 25.c3 Qd8 26.Qg2 b5 27.a5 Bf8 28.Nd4 Qc8 29.Qe2 Be7
30.Nc2 Rc5 31.Nb4 Qd8 32.Be3 Rxd5 33.Nxd5 Bxg5 34.Bxg5 Qxg5 35.Nc7+ Ke7 36.Nxa6 f5
37.Nb4 Nc5 38.a6 Ne4 39.a7  1-0

[Event "21st Czech GM Open"]
[Site "Pardubice CZE"]
[Date "2010.07.29"]
[Round "7"]
[White "Oparin,G"]
[Black "Blomqvist,E"]
[Result "0-1"]
[WhiteElo "2309"]
[BlackElo "2407"]

1.e4 c5 2.Nf3 e6 3.d4 cxd4 4.Nxd4 a6 5.Nc3 Qc7 6.Be2 b5 7.O-O Bb7 8.Re1 Nc6
9.Nxc6 dxc6 10.e5 Rd8 11.Bd3 c5 12.Qh5 g6 13.Qh3 Bg7 14.Bg5 Rd7 15.Rad1 Bxe5
16.Nxb5 axb5 17.Rxe5 c4 18.Bf4 Qb6 19.Be2 Rxd1+ 20.Bxd1 Qd4 21.Qg4 Nf6 22.c3 Nxg4
23.cxd4 Nxe5 24.Bxe5 O-O 25.a3 f6 26.Bc7 Ra8 27.Be2 c3 28.bxc3 Rxa3 29.f3 Rxc3  0-1

[Event "IM"]
[Site "Szombathely HUN"]
[Date "2010.07.29"]
[Round "3"]
[White "Majeric,Z"]
[Black "Banas,J"]
[Result "1/2-1/2"]
[WhiteElo "2267"]
[BlackElo "2312"]

1.e4 c5 2.Nf3 e6 3.d4 cxd4 4.Nxd4 a6 5.Nc3 Qc7 6.g3 Bb4 7.Bd2 Nf6 8.Qe2 Nc6
9.Nxc6 dxc6 10.Bg2 e5 11.O-O Be7 12.a4 O-O  1/2-1/2

[Event "ch-AUT"]
[Site "Vienna AUT"]
[Date "2010.07.29"]
[Round "6"]
[White "Lechner,Daniel"]
[Black "Kleiser,G"]
[Result "0-1"]
[WhiteElo "2131"]
[BlackElo "2258"]

1.e4 c5 2.Nf3 e6 3.d4 cxd4 4.Nxd4 a6 5.Nc3 Qc7 6.g3 Nf6 7.Bg2 Be7 8.O-O O-O
9.Kh1 Nc6 10.f4 d6 11.a4 Bd7 12.Nb3 Rac8 13.Be3 Na5 14.Nxa5 Qxa5 15.Qd3 Rfd8
16.h3 Bc6 17.Ne2 Qh5 18.Kg1 Nxe4 19.Bxe4 Bxe4 20.Qxe4 Qxe2 21.Rf2 Qh5 22.Qxb7 Qxh3
23.Bd4 e5 24.fxe5 Qxg3+ 25.Rg2 Qf4 26.c3 dxe5 27.Rf1 Qh4 28.Bf2 Qf6 29.Bb6 Rb8
30.Rxf6 Rd1+ 31.Kh2 Rxb7 32.Rc6 f5 33.Rc8+ Kf7 34.a5 e4 35.Rf2 Bd6+ 36.Kg2 f4
37.c4 h5  0-1

[Event "Open"]
[Site "Szombathely HUN"]
[Date "2010.07.30"]
[Round "4"]
[White "Tomasic,R"]
[Black "Berta,S"]
[Result "1-0"]
[WhiteElo "2125"]
[BlackElo "1866"]

1.e4 c5 2.Nf3 e6 3.d4 cxd4 4.Nxd4 a6 5.Nc3 Qc7 6.g3 d6 7.Bg2 Be7 8.O-O Nf6
9.a4 Nbd7 10.h3 O-O 11.g4 Nb6 12.g5 Nfd7 13.f4 Re8 14.Kh1 Nb8 15.f5 e5 16.Nde2 g6
17.a5 N6d7 18.Nd5 Qd8 19.Nxe7+ Qxe7 20.Nc3 Nc6 21.Nd5 Qd8 22.Be3 Ne7 23.b4 Nxd5
24.Qxd5 Qc7 25.fxg6  1-0

[Event "Politiken Cup"]
[Site "Copenhagen DEN"]
[Date "2010.07.31"]
[Round "1"]
[White "Wimo,J"]
[Black "Eklund,J"]
[Result "0-1"]
[WhiteElo "1807"]
[BlackElo "2192"]

1.e4 c5 2.Nf3 e6 3.d4 cxd4 4.Nxd4 a6 5.Nc3 Qc7 6.Be3 Bb4 7.Ne2 Nf6 8.f3 Nc6
9.a3 Be7 10.Qd2 b5 11.g4 Ne5 12.Nd4 Bb7 13.Be2 b4 14.axb4 Bxb4 15.Rg1 Bxe4
16.Bf4 Bb7 17.Bxe5 Qxe5 18.O-O-O Nd5 19.Bc4 Bxc3 20.bxc3 Qe3 21.Bxd5 Qxd2+
22.Rxd2 Bxd5 23.Re1 O-O 24.Re3 Rfb8 25.f4 a5 26.c4 Bxc4 27.Ra3 a4 28.Nf3 Bd5
29.Ne5 d6 30.Nd3 Kf8 31.f5 Ke7 32.Nf4 Rb4 33.Nxd5+ exd5 34.h3 d4 35.Rdd3 Kf6
36.Rf3 Rc4 37.Rfd3 h6 38.Kd1 Rb8 39.Rd2 Rb2 40.Rad3 Rb1+ 41.Ke2 Ke5 42.Kf3 Rf1+
43.Kg2 Rc1 44.Re2+ Kd5 45.Red2 R1xc2 46.Rxd4+ Rxd4 47.Rxc2 a3  0-1

[Event "19th Open"]
[Site "Kavala GRE"]
[Date "2010.07.31"]
[Round "2"]
[White "Pavlidis,Ant"]
[Black "Nikolov,Mo"]
[Result "0-1"]
[WhiteElo "2369"]
[BlackElo "2552"]

1.e4 c5 2.Nf3 e6 3.d4 cxd4 4.Nxd4 a6 5.Nc3 Qc7 6.Bd3 Nf6 7.O-O d6 8.Qe2 Nbd7
9.a4 b6 10.Bd2 Bb7 11.Kh1 g6 12.f4 Bg7 13.f5 gxf5 14.exf5 e5 15.Nf3 O-O 16.Qe1 e4
17.Bxe4 Rae8 18.Qg3 Rxe4 19.h3 Kh8  0-1

[Event "21st Czech GM Open"]
[Site "Pardubice CZE"]
[Date "2010.07.31"]
[Round "9"]
[White "Berger,Stev"]
[Black "Doros,R"]
[Result "0-1"]
[WhiteElo "2432"]
[BlackElo "2331"]

1.e4 c5 2.Nf3 e6 3.Nc3 a6 4.d4 cxd4 5.Nxd4 d6 6.Bc4 Qc7 7.Bb3 Nc6 8.Be3 Nf6
9.Qe2 Be7 10.O-O-O Na5 11.g4 b5 12.g5 Nxb3+ 13.axb3 Nd7 14.b4 Bb7 15.Nb3 Rc8
16.Kb1 Ne5 17.f4 Nc4 18.Bc1 O-O 19.Rhe1 a5 20.bxa5 Ba6 21.Na2 b4 22.Qh5 Na3+
23.bxa3 Qxc2+ 24.Ka1 Qxb3 25.Nxb4 d5 26.Re3 Rxc1+  0-1

[Event "TCh-MNE Premier League"]
[Site "Cetinje MNE"]
[Date "2010.08.01"]
[Round "9"]
[White "Krivokapic,M"]
[Black "Lekic,L"]
[Result "1-0"]
[WhiteElo "2433"]
[BlackElo "1913"]

1.e4 c5 2.Nf3 e6 3.d4 cxd4 4.Nxd4 a6 5.Nc3 b5 6.Bd3 Qb6 7.Nb3 Qc7 8.O-O Nf6
9.Qe2 d6 10.Bd2 Bb7 11.f4 Nbd7 12.a4 b4 13.Nd1 Be7 14.Nf2 a5 15.c3 Nc5 16.Bb5+ Bc6
17.Nxc5 dxc5 18.cxb4 axb4 19.Bxb4 cxb4 20.Qc4 Rc8 21.Rac1 O-O 22.Bxc6 Qxf4
23.a5 Bd6 24.g3 Qg5 25.Qb5 Qxb5 26.Bxb5 Bc5 27.Kg2 Be3 28.Rxc8 Rxc8 29.Kf3 Bxf2
30.Rxf2 Rc5 31.Rd2 Nd5 32.Be2  1-0

[Event "Politiken Cup"]
[Site "Copenhagen DEN"]
[Date "2010.08.01"]
[Round "2"]
[White "Rasmussen,O"]
[Black "Pallesen,Ja"]
[Result "1/2-1/2"]
[WhiteElo "1746"]
[BlackElo "2010"]

1.e4 c5 2.Nf3 e6 3.d4 cxd4 4.Nxd4 a6 5.Nc3 Nc6 6.Be3 Qc7 7.Qd2 Nf6 8.f3 Bb4
9.a3 Be7 10.Bd3 d6 11.O-O O-O 12.Nce2 d5 13.Nxc6 bxc6 14.Ng3 a5 15.c4 Ba6
16.Rac1 Qb7 17.Rc2 e5 18.cxd5 cxd5 19.Bxa6 Rxa6 20.Rfc1 Bd8 21.exd5 Nxd5
22.Bf2 Bb6 23.Bxb6 Qxb6+ 24.Kh1 Nf4 25.Ne4 Ne6 26.Nc5 Rd8 27.Qc3 Qxc5 28.Qxc5 Nxc5
29.Rxc5  1/2-1/2

[Event "Politiken Cup"]
[Site "Copenhagen DEN"]
[Date "2010.08.01"]
[Round "3"]
[White "Hector,J"]
[Black "Eklund,J"]
[Result "1-0"]
[WhiteElo "2584"]
[BlackElo "2192"]

1.e4 c5 2.Nf3 e6 3.d4 cxd4 4.Nxd4 a6 5.Nc3 Qc7 6.Bd3 Nf6 7.f4 d6 8.Qe2 Nbd7
9.Nf3 g6 10.O-O Bg7 11.e5 dxe5 12.fxe5 Ng4 13.Bf4 Ngxe5 14.Rae1 Nxf3+ 15.Qxf3 Qc6
16.Nd5 Qc5+ 17.Be3 Bd4 18.Qxf7+ Kd8 19.Qxe6 b5 20.b4 Bxe3+ 21.Rxe3 Qd4 22.Qe7+  1-0

[Event "MGU-13 Open"]
[Site "Sofia BUL"]
[Date "2010.08.01"]
[Round "5"]
[White "Petrov,Vl5"]
[Black "Popov,Il"]
[Result "0-1"]
[WhiteElo "1690"]
[BlackElo "2247"]

1.e4 c5 2.Nf3 e6 3.d4 cxd4 4.Nxd4 a6 5.Nc3 Qc7 6.Be2 Nf6 7.O-O Nc6 8.Be3 h5
9.f4 d6 10.Bf3 Bd7 11.Qe2 Rc8 12.Rad1 Na5 13.Bf2 Nc4 14.e5 dxe5 15.fxe5 Ng4
16.Bxg4 hxg4 17.Bg3 Nxb2 18.Qf2 Bb5 19.Ncxb5 axb5 20.Nxb5 Qc5 21.Rd4 Rc7
22.Nxc7+ Qxc7 23.Bh4 Bc5 24.Bg5 f6 25.Bf4 O-O 26.exf6 e5 27.fxg7 Rxf4 28.Rd8+ Kxg7
29.Rd7+ Qxd7 30.Qxc5 Qd4+  0-1

[Event "111th US Open"]
[Site "Irvine USA"]
[Date "2010.08.03"]
[Round "4"]
[White "Wong,R"]
[Black "Bercys,S"]
[Result "0-1"]
[WhiteElo "2132"]
[BlackElo "2418"]

1.e4 c5 2.Nf3 e6 3.d4 cxd4 4.Nxd4 a6 5.Nc3 Qc7 6.Bd3 Nc6 7.Nxc6 dxc6 8.O-O Nf6
9.Be3 e5 10.h3 Bd6 11.Qe2 b5 12.Nd1 O-O 13.c4 bxc4 14.Bc2 Be6 15.Bg5 Nd7
16.Ne3 f6 17.Bh4 Nb6 18.b3 Bc5 19.Nxc4 Nxc4 20.bxc4 Bd4 21.Rab1 Qa5 22.Bd3 Rfb8
23.Rxb8+ Rxb8 24.Rb1 Rxb1+ 25.Bxb1 Qc3 26.Bd3 g5 27.Bg3 Kg7 28.Kh2 Bc5 29.Qd1 h5
30.h4 g4 31.Qb3 Qd4 32.Kg1 a5 33.Qb7+ Bd7 34.Qb3 a4 35.Qc2 Kf7 36.Bf1 Ke7
37.Bd3 Be6 38.Kh2 a3 39.Qe2 Kd6 40.Qc2 Qb2 41.Qe2 Qxe2 42.Bxe2 Bd4 43.f4 Kc5  0-1

[Event "19th Open"]
[Site "Kavala GRE"]
[Date "2010.08.04"]
[Round "6"]
[White "Pavlidis,Ant"]
[Black "Deepan,C"]
[Result "1-0"]
[WhiteElo "2369"]
[BlackElo "2498"]

1.e4 c5 2.Nf3 e6 3.d4 cxd4 4.Nxd4 a6 5.Nc3 Qc7 6.Bd3 Nf6 7.O-O d6 8.Nb3 Be7
9.f4 Nc6 10.Qf3 O-O 11.Bd2 b5 12.Rae1 b4 13.Nd1 Bb7 14.Qh3 g6 15.f5 gxf5
16.exf5 e5 17.Re4 Kh8 18.Rh4 Rg8 19.Rxh7+ Nxh7 20.f6 Rg6 21.Bxg6 fxg6 22.fxe7 Qxe7
23.Ne3 Rf8 24.Rxf8+ Qxf8 25.Qd7 Ba8 26.Nc4 Nf6 27.Qxd6 Qxd6 28.Nxd6 Nd5 29.Nc5 a5
30.c4 bxc3 31.Bxc3 Kg7 32.Nc4 Nxc3 33.bxc3 Na7 34.a4 Kf6 35.Nxa5 e4 36.Nc4 Bd5
37.Nb6 Bc6 38.Kf2 e3+ 39.Kxe3 Bxg2 40.c4 Nc6 41.Nb3 Ke5 42.a5 Kd6 43.c5+ Kc7
44.a6 Kb8 45.Nd4 Ka7 46.Nxc6+ Bxc6 47.Kd4 Kxa6 48.Ke5 g5 49.Kd6 Kb5 50.Nd5 Bb7
51.Ne7 Kc4 52.c6 Ba6 53.Ke5  1-0

[Event "49th WJun"]
[Site "Chotowa POL"]
[Date "2010.08.05"]
[Round "3"]
[White "Durarbeyli,V"]
[Black "Andreikin,D"]
[Result "0-1"]
[WhiteElo "2501"]
[BlackElo "2650"]

1.e4 c5 2.Nc3 a6 3.Nf3 e6 4.d4 cxd4 5.Nxd4 b5 6.Bd3 Bb7 7.O-O Qb6 8.Nf3 Qc7
9.Re1 Bc5 10.e5 f5 11.exf6 Nxf6 12.Ne4 Bxe4 13.Bxe4 Nc6 14.Bg5 Nxe4 15.Rxe4 O-O
16.Bh4 Rf5 17.Bg3 Qb7 18.Qe2 Raf8 19.Rd1 Nb4 20.a3 Nd5 21.Re5 R5f6 22.Qe4 h6
23.Rh5 Qa8 24.c4 bxc4 25.Qxc4 Bb6 26.Rh4 Ne3 27.fxe3 Bxe3+ 28.Kf1 Rxf3+ 29.gxf3 Qxf3+
30.Ke1 Qh1+ 31.Ke2 Qf3+ 32.Ke1 Bg5 33.Qd3 Qh1+ 34.Ke2 Qg2+ 35.Ke1 Bxh4 36.Bxh4 Rf4
37.Rc1 Re4+ 38.Kd1 Qg4+ 39.Kc2 Rd4 40.Qxa6 Rc4+  0-1

[Event "111th US Open"]
[Site "Irvine USA"]
[Date "2010.08.05"]
[Round "?"]
[White "Khachiyan,M"]
[Black "Ramirez,Alej"]
[Result "0-1"]
[WhiteElo "2522"]
[BlackElo "2562"]

1.e4 c5 2.Nf3 e6 3.Nc3 a6 4.d4 cxd4 5.Nxd4 Qc7 6.Be2 Nf6 7.O-O d6 8.a4 Nc6
9.Nb3 b6 10.f4 Be7 11.Bf3 Bb7 12.Be3 O-O 13.Qe2 Nd7 14.Rad1 Rfe8 15.Kh1 Bf8
16.Bf2 Nb4 17.Bg3 e5 18.f5 Nf6 19.Bh4 Be7 20.Qd2 Rad8 21.Bxf6 Bxf6 22.Nb1 a5
23.c3 d5 24.Qe3 d4 25.Qf2 Na2 26.cxd4 exd4 27.Nxd4 Qc5 28.e5 Bxf3 29.Qxf3 Bxe5
30.Nb5 Rxd1 31.Rxd1 Bxb2 32.Nd2 Nc3 33.Nxc3 Qxc3 34.Qxc3 Bxc3 35.Nc4 Bd4
36.g3 Bc5 37.Rd7 h5 38.Nd6 Re1+ 39.Kg2 Re2+ 40.Kh1 Rd2 41.Rd8+ Kh7 42.Nxf7 Rxd8
43.Nxd8 b5 44.axb5 a4 45.Nc6 a3 46.Na5 a2 47.Nb3 Kh6 48.h4 g6 49.fxg6 Kxg6
50.Kg2 Kf5 51.Kf3 Ke5 52.Ke2 Kd5 53.Kd3 Bd4 54.Kc2 Be5 55.b6 Kc6 56.Na1 Bxa1
57.Kb3 Kxb6 58.Kxa2 Be5 59.Kb3 Kc5 60.Kc2 Kd4 61.Kd2 Ke4 62.Ke2 Bd4  0-1

[Event "19th Open"]
[Site "Kavala GRE"]
[Date "2010.08.06"]
[Round "8"]
[White "Friedel,J"]
[Black "David,Alb"]
[Result "0-1"]
[WhiteElo "2527"]
[BlackElo "2622"]

1.e4 c5 2.Nf3 e6 3.d4 cxd4 4.Nxd4 a6 5.Nc3 Qc7 6.Bd3 Nf6 7.O-O d6 8.f4 Nbd7
9.a4 b6 10.Nf3 Bb7 11.Qe2 Nc5 12.Bd2 Be7 13.b4 Nxd3 14.cxd3 O-O 15.Rac1 Qd8
16.Rc2 Re8 17.Rfc1 Rc8 18.Qf2 d5 19.e5 Ng4 20.Qg3 d4 21.Ne4 Rxc2 22.Rxc2 Ne3
23.Rc1 Nd5 24.Kh1 Nc3 25.Bxc3 dxc3 26.Rxc3 Bxe4 27.dxe4 Qd1+ 28.Qe1 Qxe1+
29.Nxe1 Bxb4 30.Rc1 Bd2 31.Rb1 h5 32.Nf3 Bxf4 33.Rxb6 Rc8 34.g3 Be3 35.Rb3 Rc1+
36.Kg2 Rc2+ 37.Kh3 Bc1 38.Rb8+ Kh7 39.Rb7 g5 40.g4 Kg6 41.Rb8 hxg4+ 42.Kxg4 Rg2+
43.Kh3 Re2 44.Rg8+ Kh7 45.Rc8 Bf4 46.Ra8 Rxe4 47.Rxa6 Kg6 48.Ra8 Kf5 49.Rg8 g4+
50.Rxg4 Re3  0-1

[Event "Open"]
[Site "Minsk BLR"]
[Date "2010.08.06"]
[Round "3"]
[White "Meribanov,V"]
[Black "Aliavdin,N"]
[Result "1-0"]
[WhiteElo "2171"]
[BlackElo "2367"]

1.e4 c5 2.Nf3 e6 3.Nc3 a6 4.d4 cxd4 5.Nxd4 b5 6.Bd3 d6 7.O-O Nf6 8.a3 Be7
9.Kh1 Bb7 10.f4 Nbd7 11.Qe2 Nc5 12.Bd2 O-O 13.b4 Nxd3 14.cxd3 Rc8 15.Rac1 Qd7
16.Nf3 g6 17.e5 Nh5 18.Ne4 d5 19.Ng3 Nxg3+ 20.hxg3 d4 21.Qf2 Rfd8 22.Rxc8 Rxc8
23.Qxd4 Rd8 24.Qxd7 Rxd7 25.Ne1 h5 26.Rf2 a5 27.Bc3 Bd5 28.Rb2 Rc7 29.Bd2 axb4
30.axb4 Ra7 31.Nc2 Kg7 32.Kg1 Bc6 33.Nd4 Be8 34.Kf2 Ra1 35.Nc2 Ra8 36.Nd4 Bd8
37.Be3 Ra3 38.Nb3 Bc6 39.Nd4 Bd7 40.Ke2 Ra4 41.Nf3 Ra1 42.Bc5 Bc6 43.Rc2 Bd5
44.Kf2 Ra3 45.Rd2 Bc6 46.Nd4 Bd7 47.Nc2 Ra2 48.Ke2 g5 49.Ne3 Ra3 50.d4 Bc6
51.f5 Be4 52.f6+ Kg6 53.d5 exd5 54.Nxd5 Ra8 55.Ne7+ Kh7 56.Ke3 Bb7 57.Nf5 Ra3+
58.Kf2 Bc8 59.Ne7  1-0

[Event "Politiken Cup"]
[Site "Copenhagen DEN"]
[Date "2010.08.07"]
[Round "9"]
[White "Kovchan,A"]
[Black "Eklund,J"]
[Result "1-0"]
[WhiteElo "2571"]
[BlackElo "2192"]

1.e4 c5 2.Nf3 e6 3.d4 cxd4 4.Nxd4 a6 5.Nc3 Qc7 6.Bd3 Nf6 7.O-O d6 8.a4 b6
9.f4 Bb7 10.f5 e5 11.Nb3 Be7 12.Be3 Nbd7 13.Qf3 O-O 14.Rad1 Rfe8 15.Qg3 Bf8
16.Bg5 Rac8 17.Rfe1 Qb8 18.Nd2 Qa8 19.Nc4 Nxe4 20.Nxe4 d5 21.Nxe5 dxe4 22.Nxd7 exd3
23.Rxe8 Rxe8 24.Nf6+ Kh8 25.Nxe8 dxc2 26.Re1 Bc6 27.Nd6 Bxa4 28.b3 Bd7 29.Nxf7+ Kg8
30.Ne5 Bxf5 31.Qc3 Bc5+ 32.Be3 Qd5 33.Bxc5 bxc5 34.Qc4 Be6 35.Qxd5 Bxd5 36.Nc4 Kf7
37.Rc1 Be4 38.Nd6+  1-0